đŸŽ¶ Paroles "Moustache" PV Nova - Statistiques

Statistiques générales
  • Ce quiz a Ă©tĂ© pris 11 fois
  • Le rĂ©sultat moyen est 191 sur 384
Statistiques - réponses
Mots % Correct
m'
100%
Marie
100%
Mercury !
100%
mou
100%
Sellec
100%
'stache
100%
Ă 
88%
a
88%
(...dialogue...) --
88%
es
88%
Et
88%
et
88%
j'
88%
J'
88%
José
88%
l'
88%
la
88%
le
88%
les
88%
Moustache
88%
moustache
88%
MOUSTACHE
88%
Moustache (X10)
88%
t'
88%
Tom
88%
Un
88%
un
88%
Une
88%
ai
75%
Bové
75%
c'
75%
C'
75%
Curie !
75%
d'
75%
est
75%
ma
75%
Ma
75%
ma...
75%
me
75%
mon
75%
n'
75%
Vous
75%
au-
63%
au
63%
ce
63%
ces
63%
de
63%
des
63%
Freddy
63%
Il
63%
je
63%
Je
63%
mais
63%
Pas
63%
pas
63%
Pierre
63%
plus
63%
qu'
63%
qui
63%
Qui
63%
sans
63%
se
63%
sur
63%
Sur
63%
tous
63%
tu
63%
Tu
63%
aux
50%
Avec
50%
avec
50%
ça
50%
comme
50%
dans
50%
Dans
50%
elle
50%
en
50%
était...
50%
fait
50%
Moi
50%
ne
50%
ni
50%
par
50%
Pour
50%
quand
50%
ta
50%
te
50%
tes
50%
veux
50%
barbe
38%
étais
38%
fais
38%
mal
38%
Non,
38%
Non !
38%
Ouais !
38%
peaux
38%
poche
38%
tache,
38%
toi :
38%
toi
38%
dessus
25%
dis
25%
dit
25%
ĂȘtes
25%
filles.
25%
fini
25%
hommes
25%
mec,
25%
menton
25%
nez
25%
pend
25%
peu
25%
poil
25%
poils
25%
pousser
25%
Si
25%
si
25%
Toujours
25%
avaient,
13%
Avant-
13%
barbier
13%
bouche
13%
bouches
13%
club
13%
dégaine
13%
étaient
13%
faut
13%
fournie
13%
hardcore,
13%
Hier...
13%
hier,
13%
imberbes
13%
Joue
13%
lisses
13%
mercure,
13%
meufs
13%
monter
13%
mouche ;
13%
pars
13%
prĂšs ?!
13%
prĂȘts ?!
13%
serais
13%
style
13%
Super 5 !
13%
touche
13%
affiche
0%
agréables ?
0%
ailes
0%
barbants !
0%
barbecue
0%
bats
0%
billes,
0%
bio
0%
boulée
0%
b'soin
0%
caboche
0%
carreaux
0%
changer
0%
ChatRoulette !
0%
chauffes
0%
clasher,
0%
croches
0%
cul
0%
curry
0%
dames
0%
doubles
0%
écurie !
0%
étalon
0%
façon
0%
factice
0%
fastoche,
0%
fines
0%
frange
0%
frappent
0%
freestache
0%
glabres
0%
gratis ;
0%
habillée
0%
hémistiche
0%
hésiter ;
0%
Laisser
0%
laisser
0%
légumes !
0%
lĂšves
0%
louche,
0%
malhabile
0%
maline
0%
Meilleur
0%
miches
0%
michto
0%
mode
0%
mouton
0%
nique
0%
papa,
0%
passe
0%
passer
0%
pastiche
0%
phoques --
0%
pilosité
0%
planche
0%
plié !
0%
poney
0%
potage
0%
poulet
0%
prépare
0%
pull
0%
Range
0%
rase
0%
Rasés
0%
r'cords
0%
rentrer
0%
roulettes !
0%
se-cla,
0%
sélect
0%
tĂąte
0%
tĂŽt !
0%
Travaille
0%
trouve
0%
Aucun quiz correspondant
Distribution des résultats
% des personnes avec chaque résultat
Percentile par nombre de réponses
Votre historique - résultats
Vous n’avez pas pris ce quiz